LEADER 01297nam a2200277 4500 001 000000347079 003 CaOOAMICUS 005 20210716144730.0 008 210716s2020 it 000 u ita r 020 $a978-88-936614-1-6 040 $aSeMil$bita 100 1 $aFrosini, Giordano,$d<1927-2019>.$0(OLS)http://semarc/name/8003 245 10$aAdmirabile commercium :$bla divinizzazione nei padri della Chiesa /$cGiordano Frosini, Andrea Vaccaro ; prefazione di Giuseppe Lorizio. 264 1$aFirenze :$bLe Lettere,$c2020. 300 $a364 p. ;$c22 cm 490 1 $aSaggi ;$v166 650 4$aPadri della Chiesa - Divinizzazione .$0(OLS)http://semarc/subject/50679 700 1 $aVaccaro, Andrea,$d<1963- >.$0(OLS)http://semarc/name/40426 700 1 $aLorizio, Giuseppe,$d<1952- >.$0(OLS)http://semarc/name/6253 830 0$aSaggi ;$v166.$0(OLS)http://semarc/title/341 850 $aSeMil 852 $aSeMil$W1$xVenegono$y1$m2T II 8$j227474$B238139$CSeMilBibl$Z2$F238139 $81 996 $6020$a978-88-936614-1-6$9(OLS)http://semarc/number/293688 996 $6245$aAdmirabile commercium :$bla divinizzazione nei padri della Chiesa$9(OLS)http://semarc/title/436321 996 $6264$aFirenze :$bLe Lettere$9(OLS)http://semarc/publisher/31664 LEADER 01452nam a2200301 i 4500 001 000000041344 003 CaOOAMICUS 005 20130424000000.0 008 130424s1994 it u000 u ita u 013 $a12514 040 $aSeMil$bita 100 1 $aCalati, Benedetto,$c.$0(OLS)http://semarc/name/16966 245 10$aSapienza monastica :$bsaggi di storia, spiritualitą e problemi monastici /$cBenedetto Calati ; a cura di Alessandra Cislaghi e Giordano Remondi ; introduzione di Innocenzo Gargano. 260 $aRoma :$bPontificio Ateneo S. Anselmo,$c1994. 300 $a591 p. :$b[1] ritratto ;$c25 cm. 490 0 $aStudia Anselmiana ;$v117 650 4$aMonachesimo - Studi.$0(OLS)http://semarc/subject/6039 700 1 $aGargano, Innocenzo.$0(OLS)http://semarc/name/7916 700 1 $aRemondi, Giordano,$d<1949- >.$0(OLS)http://semarc/name/426 700 1 $aCislaghi, Alessandra.$0(OLS)http://semarc/name/20333 830 0$aStudia Anselmiana ;$v117.$0(OLS)http://semarc/title/54 850 $aSeMil 852 $aSeMil$W1$xVenegono$y1$m2M V 210$j7499$B7499$CSeMilBibl$Z2$F7499 $81 900 1 $aGargano, Guido Innocenzo$c. 961 $aAcquisto: Casa editrice 996 $6245$aSapienza monastica :$bsaggi di storia, spiritualitą e problemi monastici$9(OLS)http://semarc/title/59833 996 $6260$aRoma :$bPontificio Ateneo S. Anselmo$9(OLS)http://semarc/publisher/29636